000 00877 a2200229 4500
020 _a0387969969
020 _a9780387969961
082 _a515.35
090 _c1095
_d1095
100 1 _aBluman, George W.
245 1 0 _aSymmetries and differential equations /
_cGeorge W. Bluman, S. Kumei, G. W. Bluman.
250 _a2nd ed.
260 _a[S.l.] :
_bSpringer,
_c1989.
300 _a432 p. ;
_c25 cm.
490 1 _aApplied mathematical sciences.
700 1 _aKumei, S.
700 1 _aBluman, G. W.
830 0 _aApplied mathematical sciences.
942 _aSNS
_cBK
_k515.35 BLU
999 _c29712
_d29712